[Event "Taastrup Quick Weekend 13th B4"]
[Site "Taastrup"]
[Date "2011.04.03"]
[Round "5"]
[White "Hansen, Jorgen Holm"]
[Black "Larsen, Julie"]
[Result "0-1"]
[WhiteElo "1000"]
[BlackElo "1160"]
[PlyCount "86"]
[EventDate "2011.04.01"]
[EventType "swiss"]
[EventRounds "5"]
[EventCountry "DEN"]
[SourceTitle "EXT 2023"]
[Source "ChessBase"]
[SourceDate "2022.10.05"]
[SourceVersion "1"]
[SourceVersionDate "2022.10.05"]
[SourceQuality "1"]

1. e4 e5 2. Nf3 Nc6 3. Bb5 d6 4. d3 Nf6 5. Bg5 Be7 6. Nc3 0-0 7. 0-0 Bg4 8. h3 Bxf3 9. Qxf3 Nd4 10. Qd1 c6 11. Bc4 d5 12. exd5 cxd5 13. Bb3 Nxb3 14. axb3 d4 15. Bxf6 Bxf6 16. Ne4 Be7 17. c3 f5 18. Ng3 Qd7 19. b4 Kh8 20. Ra5 Qd6 21. Rb5 b6 22. Re1 Bf6 23. Nxf5 Qd7 24. Qf3 Qxb5 25. Nd6 Qd7 26. Ne4 Rac8 27. Nxf6 Rxf6 28. Qg4 Qxg4 29. hxg4 dxc3 30. bxc3 Rxc3 31. Rxe5 Kg8 32. b5 Rxd3 33. Re7 Ra3 34. g5 Rf5 35. Re8+ Kf7 36. Rh8 Rxg5 37. Rxh7 Rxb5 38. Kh2 a5 39. f4 Kg6 40. Rh4 Rc3 41. g3 a4 42. g4 Rb2+ 43. Kg1 Rc1# 0-1

[Event "Taastrup Quick Weekend 13th B4"]
[Site "Taastrup"]
[Date "2011.04.02"]
[Round "2"]
[White "Hansen, Jorgen Holm"]
[Black "Koch Muller, Victor"]
[Result "1/2-1/2"]
[WhiteElo "1000"]
[BlackElo "1000"]
[PlyCount "54"]
[EventDate "2011.04.01"]
[EventType "swiss"]
[EventRounds "5"]
[EventCountry "DEN"]
[SourceTitle "EXT 2023"]
[Source "ChessBase"]
[SourceDate "2022.10.05"]
[SourceVersion "1"]
[SourceVersionDate "2022.10.05"]
[SourceQuality "1"]

1. e4 e5 2. Nf3 Nf6 3. Bc4 Qe7 4. d3 Nc6 5. Bg5 Nd4 6. Nxd4 exd4 7. 0-0 Qd6 8. Qf3 Qe5 9. Bxf6 Qxf6 10. Qxf6 gxf6 11. a3 Rg8 12. g3 d6 13. Re1 Bh6 14. Bb5+ c6 15. Bc4 d5 16. exd5+ Kf8 17. d6 Bf4 18. Kf1 Bxd6 19. Nd2 Bh3+ 20. Kg1 Re8 21. Rxe8+ Kxe8 22. Re1+ Kd7 23. Ne4 Rg6 24. Nxd6 Kxd6 25. Bxf7 Rg7 26. Bc4 Re7 27. Rxe7 Kxe7 1/2-1/2